000
00271nam a2200121Ia 4500
008
241002s9999 xx 000 0 und d
082
_a
808.3 CEC
100
_a
Cecil, Henry
245
0
_a
Dauhters in low
260
_a
London:
_c
1963
600
_a
Literature
942
_c
UC
999
_c
18864
_d
18864